书目信息 |
| 题名: |
赏心悦目
|
|
| 作者: | 伦德尔 著 | |
| 分册: | ||
| 出版信息: | 上海 上海译文出版社 2002.08 |
|
| 页数: | 408页 | |
| 开本: | 20cm | |
| 丛书名: | ||
| 单 册: | ||
| 中图分类: | I561.45 | |
| 科图分类: | ||
| 主题词: | 文学 | |
| 电子资源: | ||
| ISBN: | 7-5327-2851-X | |
| 000 | 00521nam0 2200193 45 | |
| 001 | 0432613284 | |
| 005 | 2004042509033289 | |
| 010 | @a7-5327-2851-X@dCNY 19.80 | |
| 100 | @a20040425d2002 km y0chiy0120 ea | |
| 101 | 0 | @achi |
| 102 | @aCN@b310000 | |
| 200 | 1 | @a赏心悦目@AShang Xin Yue Mu@f(英)伦德尔著@F(Ying)Lun De Er Zhu |
| 210 | @a上海@c上海译文出版社@d2002.08 | |
| 215 | @a408页@d20cm | |
| 606 | 0 | @a文学 |
| 690 | @aI561.45@v3 | |
| 701 | 0 | @a伦德尔@ALun De Er@4著 |
| 801 | 0 | @aCN@bPFT@c20040425 |
| 905 | @dI561.45@eL926 | |
| 赏心悦目/(英)伦德尔著.-上海:上海译文出版社,2002.08 |
| 408页;20cm |
| ISBN 7-5327-2851-X:CNY 19.80 |
| ● |
| 相关链接 |
|
|
|
正题名:赏心悦目
索取号:I561.45/L926
 
预约/预借
| 序号 | 登录号 | 条形码 | 馆藏地/架位号 | 状态 | 备注 |
| 1 | 381601 | 203816013 | 社科二线422/116文学库 21排3列6层/ [索取号:I561.45/L926] | 在馆 | |
| 2 | 381602 | 203816022 | 文学库116/116文学库 21排3列5层/ [索取号:I561.45/L926] | 在馆 | |
| 3 | 381603 | 203816031 | 文学库116/116文学库 21排3列5层/ [索取号:I561.45/L926] | 在馆 |